Materiales y construcción / (Registro nro. 761)

Detalles MARC
000 -LEADER
campo de control de longitud fija 01897nam a22003737a 4500
001 - NÚMERO DE CONTROL
campo de control 42835
003 - IDENTIFICADOR DE NÚMERO DE CONTROL
campo de control gtgccic
005 - FECHA Y HORA DE LA ÚLTIMA TRANSACCIÓN
campo de control 20250801120121.0
007 - CAMPO FIJO DE DESCRIPCIÓN FÍSICA--INFORMACIÓN GENERAL
campo de control de longitud fija ta
008 - DATOS DE LONGITUD FIJA--INFORMACIÓN GENERAL
campo de control de longitud fija 250801b mx ||||| |||| 00| 0 spa d
020 ## - NÚMERO INTERNACIONAL ESTÁNDAR DEL LIBRO
Número Internacional Estándar del Libro 9789682475528
028 ## - NÚMERO DE EDITOR O DISTRIBUIDOR
Fuente 158
040 ## - FUENTE DE CATALOGACIÓN
Centro catalogador/agencia de origen gtgccic
Lengua de catalogación spa
Centro/agencia transcriptor gtgccic
Centro/agencia modificador gtgccic
Normas de descripción rda
082 ## - NÚMERO DE LA CLASIFICACIÓN DECIMAL DEWEY
Número de clasificación 691 G245
100 1# - ENTRADA PRINCIPAL--NOMBRE DE PERSONA
Nombre de persona Gaspar de la Garza
Término indicativo de función/relación Autor
245 ## - MENCIÓN DEL TÍTULO
Título Materiales y construcción /
Mención de responsabilidad, etc. Garza, Gaspar de la
250 ## - MENCION DE EDICION
Mención de edición 2da.
264 ## - PRODUCCIÓN, PUBLICACIÓN, DISTRIBUCIÓN, FABRICACIÓN Y COPYRIGHT
Producción, publicación, distribución, fabricación y copyright México :
Nombre del de productor, editor, distribuidor, fabricante Editorial Trillas ;
Fecha de producción, publicación, distribución, fabricación o copyright 2007.
300 ## - DESCRIPCIÓN FÍSICA
Extensión 149 p. :
Otras características físicas il. ;
Dimensiones 27 cm
336 ## - TIPO DE CONTENIDO
Fuente rdacontenido
Término de tipo de contenido texto
Código de tipo de contenido txt
337 ## - TIPO DE MEDIO
Fuente rdamedio
Nombre/término del tipo de medio sin mediación
Código del tipo de medio n
338 ## - TIPO DE SOPORTE
Fuente rdasoporte
Nombre/término del tipo de soporte volumen
Código del tipo de soporte nc
505 ## - NOTA DE CONTENIDO CON FORMATO
Título Cap. 1. ESTUDIOS PRELIMINARES
505 ## - NOTA DE CONTENIDO CON FORMATO
Título Cap. 2. TRABAJOS INICIALES DE LA CONSTRUCCIÓN
505 ## - NOTA DE CONTENIDO CON FORMATO
Título Cap. 3. TRASMISIÓN DE CARGAS A LA CIMENTACIÓN
505 ## - NOTA DE CONTENIDO CON FORMATO
Título Cap. 4. ESTRUCTURAS
505 ## - NOTA DE CONTENIDO CON FORMATO
Título Cap. 5. APLICACIÓN DE MATRIALES EN LA OBRA
505 ## - NOTA DE CONTENIDO CON FORMATO
Título Cap. 6. ESPECIFICACIONES DE CONSTRUCCIÓN
505 ## - NOTA DE CONTENIDO CON FORMATO
Título TABLAS DE ESPECIFICACIONES DE MATERIALES DE ACERO
505 ## - NOTA DE CONTENIDO CON FORMATO
Título Apéndice. CÁLCULOS DE LOSAS
520 ## - RESUMEN, ETC.
Sumario, etc. Este texto de consulta y actualización, es una herramienta teórico práctica de gran valor, porque apoya el desarrollo de los estudiantes, técnicos y profesionales de la ingeniería, ya que aclara la mayoría de las dudas que surgen al proyectar y construir una obra. El texto contiene los conocimientos necesarios para inciar y guiar una obra, desde el estudio general del predio, los requisitos para elaborar el proyecto arquitectónico, los trabajos iniciales y la cimentación, hasta las estructuras, la selección y uso de los materiales, así como algunas especificaciones de construcción. El libro trata con objetividad y sencillez casi todos los aspectos de interés para el personal que trabaja en dicho ramo.
942 ## - ELEMENTOS DE ENTRADA SECUNDARIOS (KOHA)
Fuente de la clasificación o esquema de estantería Clasificación Decimal Dewey
Tipo de ítem Koha Libros
Suprimir en OPAC No
945 ## - PROCESAMIENTO DE INFORMACIÓN LOCAL (OCLC)
a amlo
Existencias
Estatus retirado Estado de pérdida Fuente de la clasificación o esquema de estantería Estado de daño No para préstamo Biblioteca de origen Biblioteca actual Ubicación en estantería Fecha de adquisición Fuente de adquisición Número de inventario Total de préstamos Signatura topográfica completa Código de barras Visto por última vez Copia número Precio de reemplazo Tipo de ítem Koha
    Clasificación Decimal Dewey     CENTRO DE INFORMACIÓN A LA CONSTRUCCIÓN-CICON CENTRO DE INFORMACIÓN A LA CONSTRUCCIÓN-CICON Colección general 01/08/2025 compra 8.3.01.H.11185/09   691 G245 Cicon8.3.01.H.1185/0 01/08/2025 1 01/08/2025 Libros